Adrian Mole and the weapons of mass destruction / (Record no. 3654)

MARC details
000 -LEADER
fixed length control field 00855cam a2200241 4500
001 - CONTROL NUMBER
control field 4419
005 - DATE AND TIME OF LATEST TRANSACTION
control field 20181127173345.0
008 - FIXED-LENGTH DATA ELEMENTS--GENERAL INFORMATION
fixed length control field 050519r20052004nyu 000 1 eng
010 ## - LIBRARY OF CONGRESS CONTROL NUMBER
LC control number 2005050413
020 ## - INTERNATIONAL STANDARD BOOK NUMBER
International Standard Book Number 9780241960165
043 ## - GEOGRAPHIC AREA CODE
Geographic area code e-uk-en
100 1# - MAIN ENTRY--PERSONAL NAME
Personal name Townsend, Sue.
245 10 - TITLE STATEMENT
Title Adrian Mole and the weapons of mass destruction /
Statement of responsibility, etc. Sue Townsend.
260 ## - PUBLICATION, DISTRIBUTION, ETC.
Place of publication, distribution, etc. New York :
Name of publisher, distributor, etc. Soho ;
Place of publication, distribution, etc. Saint Paul, MN :
Name of publisher, distributor, etc. Distributed to the trade by Consortium Books Sales & Distribution, Inc.,
Date of publication, distribution, etc. 2005.
300 ## - PHYSICAL DESCRIPTION
Extent 460 p. ;
Dimensions 22 cm.
500 ## - GENERAL NOTE
General note ""First published in Great Britain in 2004""--T.p. verso.
650 #0 - SUBJECT ADDED ENTRY--TOPICAL TERM
Topical term or geographic name entry element Mole, Adrian (Fictitious character)
Form subdivision Fiction.
Topical term or geographic name entry element Weapons of mass destruction
Form subdivision Fiction.
651 #0 - SUBJECT ADDED ENTRY--GEOGRAPHIC NAME
Geographic name England
Form subdivision Fiction.
655 #7 - INDEX TERM--GENRE/FORM
Genre/form data or focus term Diary fiction.
Source of term lcsh
Genre/form data or focus term Humorous fiction.
Source of term gsafd
Genre/form data or focus term Political fiction.
Source of term lcsh
Holdings
Withdrawn status Lost status Source of classification or shelving scheme Damaged status Not for loan Collection code Home library Current library Shelving location Date acquired Serial Enumeration / chronology Inventory number Total Checkouts Total Renewals Full call number Barcode Date last seen Date last checked out Price effective from Koha item type
    Dewey Decimal Classification     Fiction RTC Library RTC Library Fiction 07/04/2022 7973 1 1 FIC 813.54 TOW 30006890 03/01/2022 13/03/2020 27/11/2018 Fiction
Royal Thimphu College || All Right Reserved